Systém usmerňovania mzdových prostriedkov v podnikoch výrobnej sféry kandidátska dizertačná práca

Uložené v:
Podrobná bibliografia
Hlavný autor: Zvolenský, Vladimír
Korporativný autor: Vysoká škola ekonomická v Bratislave. Národohospodárska fakulta
Ďalší autori: Stanek, Vojtech
Médium: Kniha
Jazyk:Slovak
Vydavateľské údaje: Bratislava 1989
Tagy: Pridať tag
Žiadne tagy, Buďte prvý, kto otaguje tento záznam!

MARC

LEADER 00000nam a2200000 4500
001 c022123
005 20260108100521.0
041 0 |a slo 
044 |a SK 
245 1 0 |a Systém usmerňovania mzdových prostriedkov v podnikoch výrobnej sféry  |b kandidátska dizertačná práca  |c Vladimír Zvolenský ; Ved. práce Vojtech Stanek 
264 1 |a Bratislava  |c 1989 
300 |a 154 s. 
100 1 |a Zvolenský, Vladimír 
700 1 |a Stanek, Vojtech 
710 2 |a Vysoká škola ekonomická v Bratislave. Národohospodárska fakulta